Elenco do Fortaleza EC 2022 - Statistics

Estatísticas Gerais
  • Esse quiz foi jogado 56 vezes
  • A pontuação média é 11 de 29
Estatísticas das Respostas
Posição Jogador % Correto
Ala Yago Pikachu
79%
Goleiro Marcelo Boeck
72%
Zagueiro Tinga
72%
Goleiro Fernando Miguel
68%
Zagueiro Marcelo Benevenuto
68%
Ala Lucas Crispim
64%
Zagueiro Titi
62%
Volante Felipe
60%
Atacante Moisés
49%
Meia-Atacante Lucas Lima
47%
Atacante Silvio Romero
47%
Goleiro Max Walef
45%
Atacante Robson
38%
Atacante Romarinho
36%
Volante Hércules
34%
Volante Zé Welison
32%
Ala Juninho Capixaba
28%
Goleiro Kennedy
28%
Zagueiro Bryan Ceballos
26%
Zagueiro Landázuri
26%
Volante Matheus Jussa
23%
Meia-Atacante Matheus Vargas
23%
Atacante Valentin Depietri
23%
Volante Ronald
19%
Atacante Igor Torres
17%
Atacante Renato Kayser
17%
Zagueiro Habraão
13%
Ala Vitor Ricardo
13%
Meia-Atacante Sammuel
6%
Nenhum quiz correspondente encontrado
Distribuição das Pontuações
Porcentagem de Pessoas com Cada Pontuação
Percentil de Números Respondidos
Sua Pontuação Histórica
Você não jogou esse quiz